ბათუმის შოთა რუსთაველის სახელმწიფო უნივერსიტეტის ბიბლიოთეკა

ძველი საბერძნეთის ლეგენდები და მითები. ნ.2 (ბიბ.ჩანაწერი № 53176)

000 -LEADER
fixed length control field 00953nam a2200241Ia 4500
001 - CONTROL NUMBER
control field 20216
003 - CONTROL NUMBER IDENTIFIER
control field GE_BSU
008 - FIXED-LENGTH DATA ELEMENTS--GENERAL INFORMATION
fixed length control field 181216s||||||||xx |||||||||||||| ||und||
040 ## - CATALOGING SOURCE
Transcribing agency GE_BSU
080 ## - UNIVERSAL DECIMAL CLASSIFICATION NUMBER
Universal Decimal Classification number 821.14'01-394
100 ## - MAIN ENTRY--PERSONAL NAME
Personal name კუნი.ნ.ა.
245 ## - TITLE STATEMENT
Title ძველი საბერძნეთის ლეგენდები და მითები. ნ.2
245 ## - TITLE STATEMENT
Statement of responsibility, etc. შემდგ. ნ.ა.. მთარგმნ. შ.ბუაჩიძე. წინასიტყვ. ო. ლორთქიფანიძე
260 ## - PUBLICATION, DISTRIBUTION, ETC.
Place of publication, distribution, etc. თბილისი
260 ## - PUBLICATION, DISTRIBUTION, ETC.
Name of publisher, distributor, etc. განათლება
260 ## - PUBLICATION, DISTRIBUTION, ETC.
Date of publication, distribution, etc. 1965
300 ## - PHYSICAL DESCRIPTION
Extent 395გვ. ილ. 22სმ.
653 ## - INDEX TERM--UNCONTROLLED
Uncontrolled term ანტიკური სამყარო
653 ## - INDEX TERM--UNCONTROLLED
Uncontrolled term ქსეროქსი
653 ## - INDEX TERM--UNCONTROLLED
Uncontrolled term ძველი საბერძნეთის ლეგენდები და მითები. ნ.2
942 ## - ADDED ENTRY ELEMENTS (KOHA)
Koha item type წიგნი
ეგზემპლარები
Withdrawn status Lost status Damaged status Not for loan Date acquired Barcode Date last seen Price effective from Koha item type Public note
        2018-12-17 00454 2018-12-17 2018-12-17 წიგნი ქსეროქსი